000 00515nam a2200193Ia 4500
003 GCL
008 140319s9999 xx 000 0 ara d
040 _aGCL /
_cGCL
082 0 4 _a891.7
_bب و
100 1 _aيوسترفسكر، ب.
245 1 0 _aالوردة الذهبية فى صياغة الادب /
_cيوسترفسكر، ب.
300 _a285 ص
490 _a
650 0 4 _aالادب
650 0 4 _aالادب الروسى
650 0 4 _aالقصص
650 0 4 _aالمجموعات
942 _2ddc
_cBK
999 _c40180
_d40180